000 01136nam a2200289 a 4500
003 BLK
005 20250709140103.0
008 210525b bu |||||r|||| 00| | bu d
020 _a978-619-157-415-5
_q9786191574155
040 _aBLK
041 _aBUL
_cBUL
080 _aАмериканска литература (на САЩ)
_b821.111(73)
_x-31
_z821.111(73)-31
084 _aК 89
100 _9323624
_aКрауч, Блейк
245 _aПодобрен
_cБлейк Крауч ; прев. от англ. Александър Мишков.
260 _9213219
_aСофия
_bИбис
_c2023
_fСофия : Симолини
300 _a324 с.
_c21 см
380 _aX
490 _9203127
_aСъвременни трилъри
_xC634-7185
500 _aОриг. загл.: Upgrade / Blake Crouch
700 _9457122
_aМишков, Александър Валентинов
852 _bП
_c821-31/ К 89 Б
852 _aЦб 323668
_bЦб
942 _cKNG
_n0
_s1
_038
944 _k30576
_cДиана Гривева
_lЦветомила Тодорова
999 _c497379
_d497379